[Event "Nezhmetdinov Memorial 40th"]
[Site "Kazan"]
[Date "2018.09.19"]
[Round "7"]
[White "Ismailov, Amir"]
[Black "Makov, Artem"]
[Result "0-1"]
[WhiteElo "1716"]
[BlackElo "1818"]
[PlyCount "100"]
[EventDate "2018.09.13"]
[EventType "swiss"]
[EventRounds "9"]
[EventCountry "RUS"]
[SourceTitle "CBM 186 Extra"]
[Source "ChessBase"]
[SourceDate "2018.08.24"]
[SourceVersion "1"]
[SourceVersionDate "2018.08.24"]
[SourceQuality "1"]

1. d4 Nf6 2. Nf3 g6 3. c4 Bg7 4. Nc3 d5 5. cxd5 Nxd5 6. e4 Nxc3 7. bxc3 0-0 8. Bc4 c5 9. 0-0 Nc6 10. Be3 Bg4 11. d5 Ne5 12. Be2 Bxf3 13. Bxf3 Nxf3+ 14. Qxf3 b6 15. Rab1 Qd7 16. c4 Qa4 17. Qe2 Rab8 18. Rb3 Rfe8 19. Bf4 Rbd8 20. e5 Qd7 21. Rh3 Qf5 22. Qe3 Qc2 23. Bh6 Bh8 24. e6 f6 25. Qf4 g5 26. Bxg5 Bg7 27. Bh6 Bxh6 28. Qxh6 Kh8 29. Qf4 Rg8 30. Rc1 Qxa2 31. Rcc3 Qa1+ 32. Qc1 Qxc1+ 33. Rxc1 Rg4 34. Ra3 Ra8 35. h3 Rd4 36. Ra6 f5 37. Rca1 Rxc4 38. Rxa7 Rc1+ 39. Rxc1 Rxa7 40. Re1 Ra8 41. Re5 c4 42. Kf1 c3 43. Ke2 b5 44. Rxf5 b4 45. d6 exd6 46. Rd5 b3 47. Rxd6 Ra2+ 48. Kf3 Kg7 49. Rd8 Kf6 50. Rc8 b2 0-1

[Event "Nezhmetdinov Memorial 40th"]
[Site "Kazan"]
[Date "2018.09.16"]
[Round "4"]
[White "Mokshanov, Alexey"]
[Black "Ismailov, Amir"]
[Result "1-0"]
[WhiteElo "2439"]
[BlackElo "1716"]
[PlyCount "43"]
[EventDate "2018.09.13"]
[EventType "swiss"]
[EventRounds "9"]
[EventCountry "RUS"]
[SourceTitle "CBM 186 Extra"]
[Source "ChessBase"]
[SourceDate "2018.08.24"]
[SourceVersion "1"]
[SourceVersionDate "2018.08.24"]
[SourceQuality "1"]

1. e4 c5 2. Nf3 d6 3. Bb5+ Nd7 4. 0-0 g6 5. c3 e5 6. d4 exd4 7. cxd4 a6 8. Bc4 Nb6 9. dxc5 Nxc4 10. Qa4+ Bd7 11. Qxc4 Bb5 12. Qc3 Qf6 13. e5 dxe5 14. Re1 0-0-0 15. Bg5 Qc6 16. Bxd8 Kxd8 17. Nxe5 Qd5 18. Na3 Kc8 19. Nxb5 axb5 20. Rad1 Qe6 21. Qa5 Bg7 22. Qd8# 1-0

[Event "Nezhmetdinov Memorial 39th"]
[Site "Kazan"]
[Date "2017.06.06"]
[Round "7"]
[White "Egorov, Alexey"]
[Black "Ismailov, Amir"]
[Result "1-0"]
[WhiteElo "1776"]
[BlackElo "1897"]
[PlyCount "65"]
[EventDate "2017.05.31"]
[EventType "swiss"]
[EventRounds "9"]
[EventCountry "RUS"]
[SourceTitle "EXT 2018"]
[Source "ChessBase"]
[SourceDate "2017.10.13"]
[SourceVersion "1"]
[SourceVersionDate "2017.10.13"]
[SourceQuality "1"]

1. e4 c5 2. Nf3 d6 3. d4 cxd4 4. Nxd4 Nf6 5. f3 h5 6. c4 g6 7. Be3 Bg7 8. Qd2 Bd7 9. Nc3 Nc6 10. Be2 a6 11. Rc1 Rc8 12. 0-0 h4 13. h3 Nh5 14. Rfd1 Ng3 15. f4 Qc7 16. Nd5 Nxe2+ 17. Nxe2 Qb8 18. c5 0-0 19. cxd6 Qxd6 20. e5 Nxe5 21. fxe5 Qxe5 22. Bf4 Qe6 23. Nec3 Bc6 24. Re1 Bxc3 25. Nxc3 Qf5 26. Rxe7 Rfd8 27. Qf2 Qf6 28. Bg5 Qxf2+ 29. Kxf2 Rd3 30. Bxh4 Rcd8 31. Re3 Rxe3 32. Kxe3 Bxg2 33. Bxd8 1-0

[Event "Nezhmetdinov Memorial 39th"]
[Site "Kazan"]
[Date "2017.06.05"]
[Round "6"]
[White "Ismailov, Amir"]
[Black "Kurninov, Andrei"]
[Result "1-0"]
[WhiteElo "1897"]
[BlackElo "1795"]
[PlyCount "61"]
[EventDate "2017.05.31"]
[EventType "swiss"]
[EventRounds "9"]
[EventCountry "RUS"]
[SourceTitle "EXT 2018"]
[Source "ChessBase"]
[SourceDate "2017.10.13"]
[SourceVersion "1"]
[SourceVersionDate "2017.10.13"]
[SourceQuality "1"]

1. c4 c5 2. g3 e6 3. Bg2 Nf6 4. Nc3 d5 5. cxd5 exd5 6. d3 d4 7. Ne4 Nxe4 8. Bxe4 Nc6 9. Qa4 Bd7 10. Qb3 Qb6 11. Bd5 Qxb3 12. Bxb3 Bd6 13. Nf3 0-0 14. 0-0 Rae8 15. e4 dxe3 16. fxe3 h6 17. Nh4 Bh3 18. Ng6 Bxf1 19. Kxf1 Ne5 20. Nxf8 Kxf8 21. Ke2 b5 22. Bc2 g5 23. a4 b4 24. b3 Ng4 25. h3 Nf6 26. Bb2 Nd5 27. e4 f5 28. Kd2 fxe4 29. dxe4 Nc3 30. Rf1+ Kg8 31. Re1 1-0

[Event "Nezhmetdinov Memorial 39th"]
[Site "Kazan"]
[Date "2017.05.31"]
[Round "1"]
[White "Bryakin, Mikhail"]
[Black "Ismailov, Amir"]
[Result "1-0"]
[WhiteElo "2338"]
[BlackElo "1897"]
[PlyCount "61"]
[EventDate "2017.05.31"]
[EventType "swiss"]
[EventRounds "9"]
[EventCountry "RUS"]
[SourceTitle "EXT 2018"]
[Source "ChessBase"]
[SourceDate "2017.10.13"]
[SourceVersion "1"]
[SourceVersionDate "2017.10.13"]
[SourceQuality "1"]

1. d4 Nf6 2. Bg5 d5 3. Bxf6 exf6 4. e3 Bf5 5. Nd2 a6 6. c4 dxc4 7. Bxc4 b5 8. Qf3 bxc4 9. Qxf5 Nd7 10. Qe4+ Be7 11. Nxc4 0-0 12. Ne2 c5 13. d5 Nb6 14. Nxb6 Qxb6 15. Qxe7 Qb4+ 16. Kf1 Rad8 17. Rd1 Qc4 18. d6 Qc2 19. Ke1 Qxb2 20. d7 Qb4+ 21. Kf1 Qa4 22. Qd6 c4 23. Nc3 Qa5 24. Qd4 Qb4 25. g3 Rxd7 26. Qxd7 Qxc3 27. Qd4 Qc2 28. Rd2 Qb1+ 29. Kg2 Qb7+ 30. Qd5 Qb4 31. Rd4 1-0

[Event "RUS-chT U14"]
[Site "Sochi"]
[Date "2017.05.03"]
[Round "3.1"]
[White "Ismailov, Amir"]
[Black "Gavrilin, Roman"]
[Result "0-1"]
[WhiteElo "1897"]
[BlackElo "1668"]
[PlyCount "90"]
[EventDate "2017.05.01"]
[EventType "team-tourn"]
[EventRounds "9"]
[EventCountry "RUS"]
[SourceTitle "CBM 178 Extra"]
[Source "ChessBase"]
[SourceDate "2017.06.22"]
[SourceVersion "1"]
[SourceVersionDate "2017.06.22"]
[SourceQuality "1"]

1. c4 Nf6 2. g3 e6 3. Bg2 d5 4. d4 Be7 5. Nf3 0-0 6. 0-0 c6 7. Nbd2 b6 8. Qc2 Bb7 9. b3 Nbd7 10. Bb2 c5 11. Rac1 Rc8 12. Rfd1 Qc7 13. cxd5 exd5 14. Qf5 Rfe8 15. Ne5 Bd6 16. Ndf3 h6 17. Bh3 Rcd8 18. e3 Bc8 19. Qc2 Nxe5 20. dxe5 Bxh3 21. exf6 Bg4 22. Qe2 d4 23. Rxd4 cxd4 24. Rxc7 Bxc7 25. Kg2 d3 26. Qd2 Bxf3+ 27. Kxf3 Be5 28. Bxe5 Rxe5 29. fxg7 Rc5 30. e4 Kxg7 31. e5 Rxe5 32. b4 a5 33. a3 axb4 34. axb4 b5 35. Kg2 Red5 36. h4 Rd4 37. Kh3 Rc4 38. Qb2+ Rdd4 39. Qd2 Rxb4 40. h5 Rbc4 41. f4 Rd5 42. Kg4 Rc2 43. Qd1 d2 44. Qa1+ Kh7 45. Qf6 d1Q+ 0-1

[Event "RUS-chT U14"]
[Site "Sochi"]
[Date "2017.05.02"]
[Round "2.1"]
[White "Bobkov, Vadim"]
[Black "Ismailov, Amir"]
[Result "1/2-1/2"]
[WhiteElo "1894"]
[BlackElo "1897"]
[PlyCount "108"]
[EventDate "2017.05.01"]
[EventType "team-tourn"]
[EventRounds "9"]
[EventCountry "RUS"]
[SourceTitle "CBM 178 Extra"]
[Source "ChessBase"]
[SourceDate "2017.06.22"]
[SourceVersion "1"]
[SourceVersionDate "2017.06.22"]
[SourceQuality "1"]

1. d4 Nf6 2. c4 e6 3. Nf3 Bb4+ 4. Bd2 Qe7 5. g3 Nc6 6. Bg2 0-0 7. 0-0 b6 8. Bg5 h6 9. Bxf6 Qxf6 10. a3 Be7 11. Ne5 Rd8 12. e3 Bb7 13. Qa4 a6 14. Nxd7 Rxd7 15. Bxc6 Bxc6 16. Qxc6 Rad8 17. Nc3 e5 18. Qxf6 Bxf6 19. d5 e4 20. Nxe4 Bxb2 21. Ra2 Re7 22. Nc5 bxc5 23. Rxb2 Rd6 24. Rb7 Rb6 25. Rxb6 cxb6 26. Rc1 Kf8 27. Kf1 Re8 28. Ke2 Ke7 29. Rb1 Rb8 30. a4 Kd6 31. Kd3 f5 32. f3 g6 33. e4 fxe4+ 34. fxe4 Ke5 35. Ke3 h5 36. h4 Rb7 37. Rb2 Rb8 38. Kd3 Rb7 39. Rb3 Rb8 40. Rb1 Rb7 41. a5 b5 42. cxb5 axb5 43. a6 Ra7 44. Rxb5 Rxa6 45. Rxc5 Ra3+ 46. Rc3 Ra4 47. d6 Rd4+ 48. Ke3 Rxe4+ 49. Kf3 Rd4 50. Rc5+ Ke6 51. Rc8 Rxd6 52. Rf8 Rd4 53. Re8+ Kf7 54. Re4 Rxe4 1/2-1/2

[Event "Tatarstan-ch"]
[Site "Kazan"]
[Date "2016.09.20"]
[Round "5"]
[White "Ismailov, Amir"]
[Black "Zhafyarov, Adel"]
[Result "0-1"]
[WhiteElo "1653"]
[BlackElo "1980"]
[PlyCount "74"]
[EventDate "2016.09.16"]
[EventType "swiss"]
[EventRounds "9"]
[EventCountry "RUS"]
[SourceTitle "CBM 174 Extra"]
[Source "ChessBase"]
[SourceDate "2016.10.10"]
[SourceVersion "1"]
[SourceVersionDate "2016.10.10"]
[SourceQuality "1"]

1. d4 d5 2. Nf3 Nf6 3. g3 e6 4. Bg2 Be7 5. 0-0 b6 6. b3 Bb7 7. Bb2 0-0 8. Nbd2 Nbd7 9. c4 Rc8 10. Rc1 c5 11. Re1 a6 12. cxd5 Nxd5 13. a3 b5 14. e4 N5f6 15. Qe2 Qb6 16. dxc5 Nxc5 17. Qe3 Ng4 18. Qd4 e5 19. Nxe5 Bf6 20. Ndf3 Rfd8 21. Qc3 Nxe4 22. Qxc8 Qxf2+ 23. Kh1 Bxc8 24. Nxg4 Qxb2 25. Rb1 Qa2 26. Nxf6+ Nxf6 27. Rbd1 Rf8 28. Nd4 Bg4 29. Ra1 Qf2 30. Nc6 Bf3 31. Ne7+ Kh8 32. Rg1 Re8 33. Nf5 Bxg2+ 34. Rxg2 Re1+ 35. Rxe1 Qxe1+ 36. Rg1 Qe4+ 37. Rg2 Qxf5 0-1

[Event "Tatarstan-ch"]
[Site "Kazan"]
[Date "2016.09.19"]
[Round "4"]
[White "Glukhov, Alexander"]
[Black "Ismailov, Amir"]
[Result "1-0"]
[WhiteElo "2215"]
[BlackElo "1653"]
[PlyCount "43"]
[EventDate "2016.09.16"]
[EventType "swiss"]
[EventRounds "9"]
[EventCountry "RUS"]
[SourceTitle "CBM 174 Extra"]
[Source "ChessBase"]
[SourceDate "2016.10.10"]
[SourceVersion "1"]
[SourceVersionDate "2016.10.10"]
[SourceQuality "1"]

1. e4 c5 2. Nf3 d6 3. d4 cxd4 4. Nxd4 Nf6 5. Nc3 a6 6. Be2 e5 7. Nb3 Be7 8. Be3 0-0 9. g4 b5 10. g5 Nfd7 11. Qd2 Bb7 12. 0-0-0 Nb6 13. Na5 Bc8 14. Kb1 b4 15. Nd5 Nxd5 16. Qxd5 Be6 17. Qxa8 Qxa5 18. b3 Rc8 19. Rd2 Bd8 20. Qb7 Bc7 21. Rd5 Qa3 22. Bc1 1-0

[Event "Tatarstan-ch"]
[Site "Kazan"]
[Date "2016.09.17"]
[Round "2"]
[White "Garifzyanov, Niyaz"]
[Black "Ismailov, Amir"]
[Result "0-1"]
[WhiteElo "1904"]
[BlackElo "1653"]
[PlyCount "74"]
[EventDate "2016.09.16"]
[EventType "swiss"]
[EventRounds "9"]
[EventCountry "RUS"]
[SourceTitle "CBM 174 Extra"]
[Source "ChessBase"]
[SourceDate "2016.10.10"]
[SourceVersion "1"]
[SourceVersionDate "2016.10.10"]
[SourceQuality "1"]

1. d4 Nf6 2. c4 e6 3. Nf3 b6 4. g3 Bb7 5. Bg2 Bb4+ 6. Bd2 Bxd2+ 7. Nbxd2 0-0 8. 0-0 d6 9. Qc2 d5 10. Rac1 Nc6 11. Rfd1 Qe7 12. a3 Rfd8 13. e3 Rac8 14. b4 a5 15. b5 Nb8 16. c5 c6 17. Qb3 bxc5 18. Rxc5 Nbd7 19. Rcc1 c5 20. a4 c4 21. Qc3 Qb4 22. Qc2 Nb6 23. Rb1 Qxa4 24. Qc3 Ne4 25. Nxe4 dxe4 26. Ne5 Nd5 27. Qe1 c3 28. Rdc1 c2 29. Rb2 Nb4 30. Qe2 Nd3 31. Rcxc2 Nxb2 32. Qh5 Rxc2 33. Qxf7+ Kh8 34. Nc6 Rc1+ 35. Bf1 Rxf1+ 36. Kxf1 Qd1+ 37. Kg2 Qf3+ 0-1